00301nam a2200121 a 45000010005000000030005000050050017000100080041000270400020000681000029000882450042001172600020001593579CDMR20130312180056.0130130s1975||||||||||||||||||||||||||||d aCDMRbcatcCDMR1 aEchazareta Soler, Carlos10aTercer mundocCarlos Echazareta Soler aBarcelonac1975